[Event "Junior Online 4NCL Division 3"]
[Site "online"]
[Date "2020.05.14"]
[Round "5.75"]
[White "Patel, Krrish"]
[Black "Southcott-Moyers, Indy"]
[Result "0-1"]
[WhiteElo "1517"]
[BlackElo "1487"]
[PlyCount "94"]
[EventDate "2020.05.14"]
[WhiteTeam "Harrow Juniors B"]
[BlackTeam "Stroud Cubs"]

1. d4 d5 2. Bf4 e6 3. Nf3 Bd6 4. Bxd6 Qxd6 5. c3 Nf6 6. e3 O-O 7. Nbd2 Nbd7 8.
Qc2 b6 9. Bd3 Bb7 10. O-O c5 11. dxc5 Nxc5 12. b4 Nxd3 13. Qxd3 e5 14. Qe2 Rac8
15. Rac1 Rc7 16. Rc2 Rfc8 17. Rfc1 h6 18. Nf1 Qe7 19. Ng3 Qe6 20. a3 g6 21. h3
Kg7 22. Qd2 Ba6 23. a4 Bc4 24. Rb2 Qe7 25. Qe1 e4 26. Nd4 Kh7 27. Qd2 Nd7 28.
Nge2 Ne5 29. Rbc2 Nd3 30. Rb1 Qf6 31. Rf1 Qe5 32. Ra1 Qf6 33. Rf1 Ne5 34. Re1
Bd3 35. Rcc1 Nc4 36. Qa2 g5 37. Rcd1 Qe5 38. Rc1 f5 39. Ng3 Rf8 40. Rcd1 f4 41.
Nf1 Rcf7 42. Nd2 fxe3 43. fxe3 Qg3 44. Nxc4 Bxc4 45. Qd2 Rf2 46. Qxf2 Rxf2 47.
Re2 Qxg2# 0-1

[Event "Junior Online 4NCL Division 3"]
[Site "online"]
[Date "2020.05.14"]
[Round "5.76"]
[White "Carey, Alex"]
[Black "Sankar, Dheekshitha"]
[Result "1-0"]
[WhiteElo "1442"]
[BlackElo "1510"]
[PlyCount "135"]
[EventDate "2020.05.14"]
[WhiteTeam "Stroud Cubs"]
[BlackTeam "Harrow Juniors B"]

1. e4 e5 2. Nf3 Nc6 3. Bc4 Bc5 4. d3 h6 5. Nc3 Nf6 6. h3 O-O 7. O-O d6 8. a3 a5
9. Be3 b6 10. Qd2 Re8 11. Bb5 Bxe3 12. fxe3 Bb7 13. d4 exd4 14. Nxd4 Qd7 15.
Qd3 Ba6 16. Bxc6 Bxd3 17. Bxd7 Bxf1 18. Bxe8 Rxe8 19. Rxf1 Nxe4 20. Nxe4 Rxe4
21. Rf3 c5 22. Nb5 d5 23. Nd6 Re7 24. Rf5 Rxe3 25. Kf2 d4 26. Rxf7 Re5 27. Rf3
Rd5 28. Nc8 Kh7 29. Nxb6 Rd6 30. Nc4 Rd8 31. Nxa5 Rd7 32. Nc4 Rd8 33. a4 Rb8
34. Rb3 Ra8 35. Ra3 Rb8 36. a5 Ra8 37. a6 Ra7 38. Nd6 Kg8 39. Nc8 Ra8 40. a7
Kf8 41. Nb6 Rd8 42. a8=R Rxa8 43. Rxa8+ Ke7 44. Rg8 Kd6 45. Rxg7 Ke5 46. Nc4+
Kd5 47. b3 Ke4 48. Re7+ Kd5 49. Re5+ Kc6 50. Rh5 Kb5 51. Rxh6 Kb4 52. Rc6 Kc3
53. Rxc5 Kxc2 54. b4 d3 55. b5 d2 56. b6 d1=N+ 57. Ke1 Nc3 58. Ne3+ Kb3 59.
Rxc3+ Kxc3 60. b7 Kd4 61. Ke2 Kc5 62. b8=Q Kd4 63. Qf4+ Kc3 64. Qc4+ Kb2 65.
Kd2 Ka3 66. Qb5 Ka2 67. Kc2 Ka1 68. Qb2# 1-0

[Event "Junior Online 4NCL Division 3"]
[Site "online"]
[Date "2020.05.14"]
[Round "5.77"]
[White "Parikh, Naavya"]
[Black "Edwards, Jacob"]
[Result "0-1"]
[WhiteElo "1375"]
[BlackElo "1412"]
[PlyCount "74"]
[EventDate "2020.05.14"]
[WhiteTeam "Harrow Juniors B"]
[BlackTeam "Stroud Cubs"]

1. e4 d5 2. exd5 Nf6 3. Nc3 c6 4. dxc6 Nxc6 5. Nf3 Bf5 6. d4 e6 7. Bb5 Qc7 8.
Ne5 Bd6 9. Bxc6+ bxc6 10. Nf3 O-O 11. O-O Bg4 12. h3 Bh5 13. Qd3 Bxf3 14. Qxf3
e5 15. d5 c5 16. Nb5 Qb8 17. Nxd6 Qxd6 18. c4 Rfe8 19. b3 e4 20. Qe2 a5 21. Bb2
a4 22. Bxf6 Qxf6 23. Qe3 axb3 24. Qxb3 Qe5 25. Qe3 Qd4 26. Qb3 e3 27. Qc2 exf2+
28. Rxf2 Qxa1+ 29. Rf1 Qd4+ 30. Kh1 g6 31. Qb3 Re3 32. Qb7 Rf8 33. Qc7 Qe5 34.
Qb6 Re1 35. Rxe1 Qxe1+ 36. Kh2 Qe5+ 37. Kg1 Re8 0-1

[Event "Junior Online 4NCL Division 3"]
[Site "online"]
[Date "2020.05.14"]
[Round "5.78"]
[White "Ashworth, Jaime"]
[Black "Benhamou, Nathan"]
[Result "1-0"]
[WhiteElo "1390"]
[BlackElo "1382"]
[PlyCount "141"]
[EventDate "2020.05.14"]
[WhiteTeam "Stroud Cubs"]
[BlackTeam "Harrow Juniors B"]

1. e4 e5 2. Nf3 Nc6 3. Bc4 Bc5 4. c3 Nf6 5. d4 exd4 6. cxd4 Bb4+ 7. Bd2 O-O 8.
d5 Bxd2+ 9. Nbxd2 Ne7 10. Qb3 d6 11. h3 Ng6 12. O-O Bd7 13. Qxb7 Rb8 14. Qxa7
Rxb2 15. Rab1 Rb6 16. Rb3 Qb8 17. Qxb8 Rfxb8 18. Rfb1 Rxb3 19. Rxb3 Rxb3 20.
Nxb3 Ne5 21. Nxe5 dxe5 22. f3 Kf8 23. Nc5 Bc8 24. Nd3 Ke7 25. Nxe5 h5 26. Nc6+
Ke8 27. Kf2 g5 28. a4 Bb7 29. a5 Nd7 30. a6 Ba8 31. Na5 Nb6 32. Bb5+ Ke7 33.
Bc6 f6 34. Bxa8 Nxa8 35. Nc6+ Kd6 36. a7 Kd7 37. Ke3 Kd6 38. Kd4 Kd7 39. Kc5
Kc8 40. d6 Kd7 41. dxc7 Nxc7 42. Kb6 Na8+ 43. Kb7 Kd6 44. Kxa8 Kc7 45. g4 h4
46. Nd4 Kc8 47. Ne6 Kd7 48. Kb7 Kxe6 49. a8=Q Ke5 50. Qa5+ Kf4 51. Qf5+ Kg3 52.
Qxf6 Kxh3 53. Qxg5 Kg3 54. Kc6 Kh3 55. Kd5 Kg3 56. Kd4 Kh3 57. Ke5 Kg3 58. Kf6
h3 59. Qh5 h2 60. Qxh2+ Kxh2 61. e5 Kg3 62. e6 Kf4 63. e7 Kg3 64. e8=Q Kg2 65.
Qe3 Kh3 66. f4+ Kxg4 67. f5 Kh4 68. Qg1 Kh3 69. Ke5 Kh4 70. Kf4 Kh5 71. Qg5#
1-0

[Event "Junior Online 4NCL Division 3"]
[Site "online"]
[Date "2020.05.14"]
[Round "5.81"]
[White "Agrawal, Ansh"]
[Black "Ghosh, Kabir A"]
[Result "1-0"]
[WhiteElo "1607"]
[BlackElo "1622"]
[PlyCount "123"]
[EventDate "2020.05.14"]
[WhiteTeam "Warwickshire Bears B"]
[BlackTeam "Dulwich College Junior A"]

1. d4 f5 2. c4 Nf6 3. Nc3 e6 4. Nf3 Be7 5. Bf4 c6 6. e3 d5 7. Be2 O-O 8. O-O
Nbd7 9. Rc1 Ne4 10. cxd5 exd5 11. Re1 Ndf6 12. h3 Bd7 13. Bd3 Rc8 14. Be5 Be8
15. Bxf6 Bxf6 16. Qb3 b6 17. Nxe4 fxe4 18. Bxe4 Bf7 19. Bd3 c5 20. Qd1 Qd7 21.
b3 Bh5 22. Be2 Bg6 23. Bd3 Bxd3 24. Qxd3 cxd4 25. exd4 Rfe8 26. Qd2 h6 27. Rxc8
Rxc8 28. Qd3 Re8 29. Qd2 Rxe1+ 30. Qxe1 Kf7 31. Ne5+ Bxe5 32. Qxe5 Qe6 33. Qc7+
Qe7 34. Qf4+ Qf6 35. Qe3 Qe6 36. Qf3+ Ke7 37. Qe3 Qxe3 38. fxe3 Kf6 39. Kf2 Kf5
40. Kf3 g5 41. g3 h5 42. g4+ hxg4+ 43. hxg4+ Kf6 44. e4 Ke6 45. Ke3 a5 46.
exd5+ Kxd5 47. Kd3 b5 48. a3 Kd6 49. Ke4 Ke6 50. d5+ Kd6 51. Kd4 a4 52. b4 Kc7
53. Kc5 Kd7 54. Kxb5 Kd6 55. Kc4 Kc7 56. Kc5 Kd7 57. b5 Kc7 58. d6+ Kd7 59. b6
Kc8 60. Kc6 Kb8 61. d7 Ka8 62. d8=Q# 1-0

[Event "Junior Online 4NCL Division 3"]
[Site "online"]
[Date "2020.05.14"]
[Round "5.82"]
[White "Nguyen, Ryan"]
[Black "Kukreja, Karan"]
[Result "1/2-1/2"]
[WhiteElo "1517"]
[BlackElo "1540"]
[PlyCount "154"]
[EventDate "2020.05.14"]
[WhiteTeam "Dulwich College Junior A"]
[BlackTeam "Warwickshire Bears B"]

1. e4 c6 2. d4 d5 3. Nc3 dxe4 4. Nxe4 Bf5 5. Ng3 Bg6 6. Nf3 Nf6 7. Bd3 Bxd3 8.
Qxd3 e6 9. Bf4 Bd6 10. Qd2 Qc7 11. Bxd6 Qxd6 12. O-O-O Nbd7 13. Kb1 Nb6 14. Ne5
O-O 15. h4 a5 16. f3 Nbd5 17. Ne4 Nxe4 18. fxe4 Nf6 19. Nc4 Qc7 20. e5 Nd5 21.
g4 b5 22. Nd6 b4 23. h5 c5 24. dxc5 Qxc5 25. Ne4 Qc7 26. Nd6 f6 27. Nb5 Qb6 28.
Qd3 fxe5 29. c3 bxc3 30. Nxc3 Nxc3+ 31. Qxc3 Qb8 32. Rhe1 Qe8 33. Qxe5 Rf6 34.
g5 Rf5 35. Qxe6+ Qxe6 36. Rxe6 Rxg5 37. Rh1 h6 38. Ree1 Rb8 39. Reg1 Rgb5 40.
Rh2 Rc8 41. Rc1 Rxc1+ 42. Kxc1 Kf7 43. Kc2 Kf6 44. Kc3 Kg5 45. b3 Rb4 46. a3
Rh4 47. Rxh4 Kxh4 48. Kc4 Kxh5 49. Kb5 Kg4 50. Kxa5 h5 51. b4 h4 52. b5 h3 53.
b6 h2 54. b7 h1=Q 55. b8=Q Qd5+ 56. Qb5 Qa8+ 57. Qa6 Qxa6+ 58. Kxa6 Kf3 59. Kb6
g5 60. a4 g4 61. a5 g3 62. a6 g2 63. a7 g1=Q+ 64. Kb7 Qb1+ 65. Kc8 Qa2 66. Kb8
Qb3+ 67. Ka8 Qc4 68. Kb8 Qb5+ 69. Ka8 Qc6+ 70. Kb8 Qb6+ 71. Ka8 Qc6+ 72. Kb8
Qe8+ 73. Kb7 Qd7+ 74. Kb8 Qd8+ 75. Kb7 Qd5+ 76. Kb8 Qb5+ 77. Ka8 Qc6+ 1/2-1/2

[Event "Junior Online 4NCL Division 3"]
[Site "online"]
[Date "2020.05.14"]
[Round "5.83"]
[White "Xia, Weiquan"]
[Black "Avril, Aaran"]
[Result "1-0"]
[WhiteElo "1480"]
[BlackElo "1375"]
[PlyCount "107"]
[EventDate "2020.05.14"]
[WhiteTeam "Warwickshire Bears B"]
[BlackTeam "Dulwich College Junior A"]

1. d4 d5 2. Bf4 Nc6 3. Nc3 Nf6 4. Nf3 Nxd4 5. Nxd4 e5 6. Bxe5 Bc5 7. Nf3 Qe7 8.
Bxc7 Qxc7 9. Nxd5 Nxd5 10. Qxd5 O-O 11. Qd1 Rd8 12. Qc1 Be6 13. e3 Qb6 14. c3
f6 15. Be2 Rd7 16. Nd4 Bf7 17. O-O Rad8 18. Bg4 Rc7 19. Qc2 Bg6 20. Qb3+ Bf7
21. Qxb6 Bxb6 22. Be6 Bxd4 23. Bxf7+ Kxf7 24. exd4 Re7 25. Rae1 Rde8 26. Rxe7+
Rxe7 27. Rd1 Re2 28. d5 Rxb2 29. a4 Ra2 30. d6 Ke8 31. h3 Rxa4 32. Re1+ Kd7 33.
Re7+ Kxd6 34. Rxg7 Ra1+ 35. Kh2 Rc1 36. Rxb7 Rxc3 37. Rxa7 h5 38. Ra6+ Ke5 39.
Ra5+ Ke6 40. Rxh5 Rc2 41. f4 Rf2 42. Rh4 Kf5 43. Kg3 Rf1 44. Rh5+ Ke4 45. Rh4
f5 46. Kh2 Rxf4 47. Rxf4+ Kxf4 48. g3+ Kg5 49. Kg2 f4 50. g4 Kh4 51. Kf3 Kg5
52. h4+ Kxh4 53. Kxf4 Kh3 54. g5 1-0

[Event "Junior Online 4NCL Division 3"]
[Site "online"]
[Date "2020.05.14"]
[Round "5.84"]
[White "He, Andy"]
[Black "Johal, Amrissa Kaur"]
[Result "0-1"]
[WhiteElo "1382"]
[BlackElo "1487"]
[PlyCount "64"]
[EventDate "2020.05.14"]
[WhiteTeam "Dulwich College Junior A"]
[BlackTeam "Warwickshire Bears B"]

1. e4 e5 2. Nf3 Nc6 3. Bb5 d6 4. O-O Nf6 5. Nc3 h6 6. d4 Qe7 7. d5 a6 8. dxc6
axb5 9. cxb7 Bxb7 10. Nxb5 Nxe4 11. Re1 Nf6 12. Qd3 c6 13. Nc3 Qe6 14. Bd2 Be7
15. Rad1 O-O 16. Ne4 Nxe4 17. Rxe4 Bf6 18. Ree1 c5 19. a3 e4 20. Qb5 Qd5 21. c4
Qc6 22. Qxc6 Bxc6 23. Be3 exf3 24. Rxd6 Bb7 25. Rb6 Be4 26. Rb3 Rfe8 27. gxf3
Bxf3 28. Rd1 Bxd1 29. Rd3 Bf3 30. Bxc5 Be4 31. Rd2 Bc6 32. Rd6 Re1# 0-1

[Event "Junior Online 4NCL Division 3"]
[Site "online"]
[Date "2020.05.14"]
[Round "5.85"]
[White "Ghosh, Kabir A"]
[Black "Agrawal, Ansh"]
[Result "0-1"]
[WhiteElo "1622"]
[BlackElo "1607"]
[PlyCount "152"]
[EventDate "2020.05.14"]
[WhiteTeam "Dulwich College Junior A"]
[BlackTeam "Warwickshire Bears B"]

1. c4 Nf6 2. Nc3 c6 3. d4 d5 4. Nf3 Bf5 5. Bg5 e6 6. e3 Be7 7. cxd5 cxd5 8. Bd3
Bxd3 9. Qxd3 Nc6 10. a3 h6 11. Bh4 a6 12. O-O O-O 13. Rac1 Rc8 14. Rfd1 Nh7 15.
Bxe7 Nxe7 16. h3 Nf6 17. Ne5 Nd7 18. Nxd7 Qxd7 19. f3 Rfd8 20. e4 Ng6 21. Qe3
Ne7 22. Kf2 Re8 23. Kg1 Qd6 24. Kf2 Qd7 25. Kg1 Ng6 26. Ne2 Rxc1 27. Rxc1 Rc8
28. Rxc8+ Qxc8 29. Qc3 Qd7 30. exd5 Qxd5 31. Kf2 Ne7 32. Qe3 Nf5 33. Qe4 Qb5
34. Qc2 Qb6 35. Qc3 Ne7 36. Qb4 Qxb4 37. axb4 Nd5 38. b5 axb5 39. Nc3 Kf8 40.
Nxb5 Nf4 41. Kg3 Nd3 42. b3 Ke7 43. f4 Nc1 44. b4 Nd3 45. Nc3 Nxb4 46. Kf3 Nc2
47. Ke4 Kd6 48. Ne2 Nb4 49. Nc3 b6 50. g4 g6 51. h4 f5+ 52. gxf5 gxf5+ 53. Ke3
Nd5+ 54. Nxd5 Kxd5 55. Kd3 b5 56. Ke3 Kc4 57. h5 b4 58. Kd2 Kxd4 59. Kc2 Ke4
60. Kb3 Kxf4 61. Kxb4 Kg5 62. Kc5 Kxh5 63. Kd6 Kg4 64. Kxe6 f4 65. Ke5 f3 66.
Ke4 f2 67. Ke5 f1=Q 68. Ke6 h5 69. Ke7 h4 70. Ke6 h3 71. Ke5 h2 72. Ke6 h1=Q
73. Ke7 Qe4+ 74. Kd7 Qfd3+ 75. Kc7 Qec4+ 76. Kb6 Qdb3+ 0-1

[Event "Junior Online 4NCL Division 3"]
[Site "online"]
[Date "2020.05.14"]
[Round "5.86"]
[White "Kukreja, Karan"]
[Black "Nguyen, Ryan"]
[Result "1/2-1/2"]
[WhiteElo "1540"]
[BlackElo "1517"]
[PlyCount "49"]
[EventDate "2020.05.14"]
[WhiteTeam "Warwickshire Bears B"]
[BlackTeam "Dulwich College Junior A"]

1. d4 Nf6 2. Bf4 e6 3. e3 c5 4. Nf3 b6 5. c3 Be7 6. Nbd2 O-O 7. Bd3 cxd4 8.
cxd4 Bb7 9. O-O d6 10. a3 Nbd7 11. b4 a6 12. Rc1 Rc8 13. Qb3 Re8 14. Be2 Nf8
15. Rc3 Bd5 16. Qc2 Bb7 17. Rc1 b5 18. h3 Nd5 19. Rxc8 Qxc8 20. Bg3 Ng6 21. Bd3
Qxc2 22. Rxc2 Rc8 23. Rxc8+ Bxc8 24. Nb1 f5 25. Kf1 1/2-1/2

[Event "Junior Online 4NCL Division 3"]
[Site "online"]
[Date "2020.05.14"]
[Round "5.87"]
[White "Avril, Aaran"]
[Black "Xia, Weiquan"]
[Result "0-1"]
[WhiteElo "1375"]
[BlackElo "1480"]
[PlyCount "140"]
[EventDate "2020.05.14"]
[WhiteTeam "Dulwich College Junior A"]
[BlackTeam "Warwickshire Bears B"]

1. e4 Nc6 2. Nf3 e5 3. Bb5 d6 4. O-O Bg4 5. h3 Bh5 6. Be2 Nf6 7. d3 h6 8. Nc3
Be7 9. Be3 O-O 10. Nxe5 Bxe2 11. Qxe2 dxe5 12. Nd5 Nxd5 13. exd5 Qxd5 14. c4
Qd7 15. Rfd1 Nd4 16. Bxd4 Qxd4 17. b3 Qd6 18. Re1 Bf6 19. Rad1 Rae8 20. Qd2 Rd8
21. Qe3 a6 22. Qf3 c6 23. Qe3 Qd4 24. Qf3 Qf4 25. Qxf4 exf4 26. Re4 Rd4 27. Re2
Rfd8 28. Red2 R4d7 29. Kh2 Bc3 30. Rc2 Rxd3 31. Rxd3 Rxd3 32. g3 fxg3+ 33. fxg3
Rd2+ 34. Rxd2 Bxd2 35. g4 b5 36. Kg2 a5 37. cxb5 cxb5 38. Kf3 a4 39. Ke2 Ba5
40. Kd3 axb3 41. axb3 Kh7 42. Ke4 g6 43. Ke5 Kg7 44. Kf4 f6 45. Ke4 Bc3 46. Kd5
b4 47. Ke6 Bd2 48. Kd5 Bc3 49. Ke6 Bd2 50. Kd5 f5 51. gxf5 gxf5 52. Ke5 Kg6 53.
Kd4 Kg5 54. Kd3 Bc3 55. Ke3 f4+ 56. Kf3 Kf5 57. h4 h5 58. Ke2 Kg4 59. Kf2 Kxh4
60. Kf3 Kg5 61. Kf2 Kg4 62. Kg2 f3+ 63. Kh2 h4 64. Kg1 Bd4+ 65. Kh2 h3 66. Kh1
Kf4 67. Kh2 f2 68. Kxh3 f1=Q+ 69. Kh2 Qg1+ 70. Kh3 Qg3# 0-1

[Event "Junior Online 4NCL Division 3"]
[Site "online"]
[Date "2020.05.14"]
[Round "5.88"]
[White "Johal, Amrissa Kaur"]
[Black "He, Andy"]
[Result "1-0"]
[WhiteElo "1487"]
[BlackElo "1382"]
[PlyCount "111"]
[EventDate "2020.05.14"]
[WhiteTeam "Warwickshire Bears B"]
[BlackTeam "Dulwich College Junior A"]

1. d4 d5 2. Nc3 e6 3. e4 Nf6 4. Bg5 Be7 5. e5 Ne4 6. Bxe7 Qxe7 7. Nxe4 dxe4 8.
f3 exf3 9. Nxf3 O-O 10. Bd3 b6 11. Be4 c6 12. O-O Ba6 13. Bd3 c5 14. Bxa6 Nxa6
15. Qd3 Nb4 16. Qd2 Nd5 17. c3 b5 18. Qd3 c4 19. Qd2 f5 20. a4 a6 21. a5 h6 22.
Qe2 g5 23. h3 Kh7 24. Kh2 Nf4 25. Qe3 Ng6 26. g3 f4 27. Qe4 fxg3+ 28. Kxg3 h5
29. h4 gxh4+ 30. Nxh4 Qg5+ 31. Kh3 Rg8 32. Rg1 Qh6 33. Nxg6 Rxg6 34. Rxg6 Qxg6
35. Qxa8 Qg4+ 36. Kh2 Qe2+ 37. Kg3 Qg4+ 38. Kf2 Qf4+ 39. Qf3 Qd2+ 40. Qe2 Qf4+
41. Qf3 Qd2+ 42. Qe2 Qf4+ 43. Ke1 Qg3+ 44. Qf2 Qg7 45. Qc2+ Kh6 46. Qd2+ Kh7
47. Qf2 Kg8 48. Ke2 Qg4+ 49. Qf3 Qh4 50. Rg1+ Qg4 51. Rxg4+ hxg4 52. Qxg4+ Kf7
53. Kf3 b4 54. cxb4 Ke7 55. Qg7+ Ke8 56. Ke4 1-0

[Event "Junior Online 4NCL Division 3"]
[Site "online"]
[Date "2020.05.21"]
[Round "6.11"]
[White "Surapaneni, Rahul"]
[Black "Jayawarna, Tarini"]
[Result "0-1"]
[WhiteElo "1442"]
[BlackElo "1652"]
[PlyCount "98"]
[EventDate "2020.05.21"]
[WhiteTeam "Cheshire8Z"]
[BlackTeam "Manchester Juniors A"]

1. g3 Nf6 2. Bg2 g6 3. e4 d6 4. d4 Bg7 5. c3 O-O 6. Be3 Nc6 7. f3 e5 8. Qd2 a6
9. Bh6 Rb8 10. Ne2 b5 11. Bxg7 Kxg7 12. f4 exd4 13. cxd4 Re8 14. e5 Nxe5 15.
fxe5 dxe5 16. dxe5 Qxd2+ 17. Nxd2 Rxe5 18. Bf3 Ng4 19. O-O Ne3 20. Rfc1 c5 21.
Ne4 c4 22. Kf2 Ng4+ 23. Bxg4 Bxg4 24. N2c3 b4 25. Re1 bxc3 26. bxc3 Rb2+ 27.
Ke3 Bf5 28. Kf4 Rxe4+ 29. Rxe4 Bxe4 30. Kxe4 Rxh2 31. Rd1 Rg2 32. Kd4 Rxa2 33.
Kxc4 Rg2 34. Ra1 Rxg3 35. Rxa6 h5 36. Kd4 h4 37. Ra2 Kf6 38. c4 Ke7 39. Kd5 h3
40. Rh2 g5 41. Re2+ Kd7 42. c5 Rg2 43. Re5 h2 44. c6+ Kc7 45. Re7+ Kb6 46. c7
Rd2+ 47. Ke5 Re2+ 48. Kd6 h1=Q 49. c8=Q Qd1# 0-1

[Event "Junior Online 4NCL Division 3"]
[Site "online"]
[Date "2020.05.21"]
[Round "6.12"]
[White "Jayawarna, Thisumi"]
[Black "Crook, Ethan"]
[Result "0-1"]
[WhiteElo "1562"]
[BlackElo "1405"]
[PlyCount "152"]
[EventDate "2020.05.21"]
[WhiteTeam "Manchester Juniors A"]
[BlackTeam "Cheshire8Z"]

1. e4 e5 2. Nf3 Nc6 3. Bc4 Nf6 4. Ng5 Bc5 5. O-O O-O 6. Nc3 h6 7. Nf3 d6 8. h3
Bb4 9. Re1 Bd7 10. a3 Bc5 11. d3 a6 12. Be3 Ba7 13. Bxa7 Rxa7 14. Nd5 Nxd5 15.
Bxd5 Qc8 16. Kh2 Ne7 17. Bb3 Ng6 18. Rh1 Nf4 19. Qd2 Bxh3 20. Ng1 Bxg2 21. f3
Qd8 22. Qf2 Bxh1 23. Kxh1 Ra8 24. Qh2 Ng6 25. Ne2 Qh4 26. Qxh4 Nxh4 27. Rf1 Ng6
28. Kh2 Ne7 29. f4 exf4 30. Nxf4 Kh7 31. Nh5 f6 32. Rg1 Rg8 33. Bxg8+ Rxg8 34.
Kh3 Ng6 35. Kg3 Re8 36. Kf2 Re5 37. Ng3 Rg5 38. Nf5 Nf4 39. Rxg5 Nh3+ 40. Kg3
Nxg5 41. Kg4 g6 42. Ne7 Kg7 43. Nd5 c6 44. Nc7 Kf7 45. Na8 Ke6 46. Nb6 Ke5 47.
Nc4+ Ke6 48. b3 h5+ 49. Kh4 Nf3+ 50. Kg3 Ne5 51. Nxe5 dxe5 52. Kh4 b6 53. c3 c5
54. c4 a5 55. a4 Kf7 56. Kh3 g5 57. Kg3 Kg6 58. Kf3 g4+ 59. Kg3 Kg5 60. Kg2 Kf4
61. Kf2 h4 62. Kg2 f5 63. exf5 Kxf5 64. Kh2 e4 65. dxe4+ Kxe4 66. Kh1 Kf3 67.
Kh2 g3+ 68. Kh3 g2 69. Kh2 Kf2 70. Kh3 g1=Q 71. Kxh4 Qg3+ 72. Kh5 Kf3 73. Kh6
Kf4 74. Kh7 Kf5 75. Kh8 Kf6 76. Kh7 Qg7# 0-1

[Event "Junior Online 4NCL Division 3"]
[Site "online"]
[Date "2020.05.21"]
[Round "6.13"]
[White "Sajid, Aryan"]
[Black "Eccleston, Bryony"]
[Result "0-1"]
[WhiteElo "1405"]
[BlackElo "1390"]
[PlyCount "150"]
[EventDate "2020.05.21"]
[WhiteTeam "Cheshire8Z"]
[BlackTeam "Manchester Juniors A"]

1. e4 e6 2. d4 d5 3. e5 c5 4. c3 Nc6 5. Nf3 Bd7 6. Be2 Be7 7. O-O f6 8. Bf4 Qb6
9. Na3 Qxb2 10. Nb5 O-O-O 11. Qd3 a6 12. Nd6+ Bxd6 13. exd6 c4 14. Qd1 Qxc3 15.
Bd2 Qb2 16. Bf4 Qb6 17. Rb1 Qa7 18. a4 Nh6 19. Qd2 Nf5 20. Rfd1 Be8 21. h3 Nxd6
22. Bxd6 Rxd6 23. a5 Bg6 24. Rb2 Re8 25. Qe3 e5 26. dxe5 Qxe3 27. fxe3 Nxe5 28.
Nxe5 Rxe5 29. Kf2 Rde6 30. Bg4 Bf5 31. Bxf5 Rxf5+ 32. Kg1 Rxe3 33. Rdb1 Re7 34.
g4 Rf3 35. Kg2 Rb3 36. Rxb3 cxb3 37. Rxb3 Rc7 38. Kg3 Rc5 39. Re3 Kd7 40. Kf4
Rxa5 41. Kf5 b5 42. Rd3 Kd6 43. h4 b4 44. Rb3 Rb5 45. Kf4 a5 46. Ke3 a4 47. Rb1
b3 48. Kd4 Rb4+ 49. Kc3 Rxg4 50. Kb2 Rxh4 51. Ka3 Rh3 52. Kxa4 d4 53. Kb4 Re3
54. Kc4 Ke5 55. Kb4 h5 56. Kc4 h4 57. Kb4 h3 58. Kc4 h2 59. Kb4 Rh3 60. Re1+
Kd5 61. Rh1 b2 62. Kb5 b1=Q+ 63. Rxb1 h1=Q 64. Rxh1 Rxh1 65. Kb6 Rc1 66. Kb7
Rc5 67. Kb6 Kd6 68. Kb7 Rc6 69. Kb8 Rc7 70. Ka8 Kc6 71. Kb8 Kb6 72. Ka8 d3 73.
Kb8 Rf7 74. Ka8 d2 75. Kb8 Rf8# 0-1

[Event "Junior Online 4NCL Division 3"]
[Site "online"]
[Date "2020.05.21"]
[Round "6.14"]
[White "Fairclough, William"]
[Black "Goldsmith, Max"]
[Result "1/2-1/2"]
[WhiteElo "1315"]
[BlackElo "1405"]
[PlyCount "104"]
[EventDate "2020.05.21"]
[WhiteTeam "Manchester Juniors A"]
[BlackTeam "Cheshire8Z"]

1. e4 e5 2. Nf3 Nc6 3. d4 exd4 4. Nxd4 Nxd4 5. Qxd4 Nf6 6. Nc3 d6 7. Bc4 Be6 8.
Bxe6 fxe6 9. O-O e5 10. Qd1 Qd7 11. Re1 O-O-O 12. Be3 d5 13. Bxa7 dxe4 14.
Qxd7+ Rxd7 15. Nxe4 Nxe4 16. Rxe4 b6 17. Rxe5 Kb7 18. Bxb6 cxb6 19. a4 Bb4 20.
c3 Rhd8 21. g3 Bc5 22. a5 Rd1+ 23. Rxd1 Rxd1+ 24. Kg2 Rd2 25. b4 Bxf2 26. Kh3
bxa5 27. bxa5 Rc2 28. Re7+ Ka6 29. Rxg7 Rxc3 30. Rxh7 Kxa5 31. Rf7 Bb6 32. Kg4
Rc4+ 33. Rf4 Rc8 34. h4 Rg8+ 35. Kf3 Bc7 36. Rg4 Rf8+ 37. Ke4 Re8+ 38. Kf5 Rf8+
39. Ke4 Re8+ 40. Kf5 Re5+ 41. Kg6 Re3 42. h5 Bxg3 43. h6 Be5 44. Rg5 Kb6 45. h7
Kc7 46. Rxe5 Rxe5 47. h8=Q Re6+ 48. Kf7 Rd6 49. Qe5 Kd7 50. Qe7+ Kc6 51. Ke8
Kd5 52. Qxd6+ Kxd6 1/2-1/2

[Event "Junior Online 4NCL Division 3"]
[Site "online"]
[Date "2020.05.21"]
[Round "6.15"]
[White "Jayawarna, Tarini"]
[Black "Surapaneni, Rahul"]
[Result "1-0"]
[WhiteElo "1652"]
[BlackElo "1442"]
[PlyCount "43"]
[EventDate "2020.05.21"]
[WhiteTeam "Manchester Juniors A"]
[BlackTeam "Cheshire8Z"]

1. e4 c5 2. Nf3 d6 3. d4 cxd4 4. Nxd4 Nf6 5. Nc3 Nc6 6. Be3 g6 7. f3 Bg7 8. Qd2
a6 9. O-O-O e6 10. Nxc6 bxc6 11. Qxd6 Qxd6 12. Rxd6 O-O 13. Bc4 Ne8 14. Rd3 Nc7
15. Rhd1 Bb7 16. Rd7 f5 17. Rxc7 Rab8 18. Bxe6+ Kh8 19. Rdd7 Bc8 20. Rxg7 Bxe6
21. Rxh7+ Kg8 22. Rcg7# 1-0

[Event "Junior Online 4NCL Division 3"]
[Site "online"]
[Date "2020.05.21"]
[Round "6.16"]
[White "Crook, Ethan"]
[Black "Jayawarna, Thisumi"]
[Result "1-0"]
[WhiteElo "1405"]
[BlackElo "1562"]
[PlyCount "169"]
[EventDate "2020.05.21"]
[WhiteTeam "Cheshire8Z"]
[BlackTeam "Manchester Juniors A"]

1. e4 d5 2. exd5 Qxd5 3. Nc3 Qa5 4. Nf3 Nf6 5. a3 c6 6. h3 Bf5 7. d3 e6 8. Bd2
Nbd7 9. Ne4 Qc7 10. Ng3 Bg6 11. Qc1 Bd6 12. Ne2 O-O 13. Bf4 Bxf4 14. Qxf4 Qxf4
15. Nxf4 Rac8 16. O-O-O Rfd8 17. Nxg6 fxg6 18. Nd4 Re8 19. Kb1 Rcd8 20. Nf3 Nb6
21. Be2 Nfd5 22. g3 Na4 23. Ka1 Rd6 24. Ne5 b5 25. b3 Nac3 26. Rd2 Nxe2 27.
Rxe2 Nc3 28. Rd2 c5 29. Kb2 b4 30. a4 Red8 31. Nc4 Rd4 32. Ne5 R8d6 33. Nf3
R4d5 34. Re1 a5 35. Re5 Rxe5 36. Nxe5 Ne4 37. Re2 Nc3 38. Nc4 Rxd3 39. Rxe6
Nd1+ 40. Kc1 Rd8 41. Nxa5 Nxf2 42. h4 Kf7 43. Rc6 Rd1+ 44. Kb2 Rd2 45. Nc4 Re2
46. a5 Ne4 47. Nd6+ Nxd6 48. Rxd6 Re7 49. Rb6 Ra7 50. a6 Kf8 51. Rb8+ Ke7 52.
Rb7+ Rxb7 53. axb7 Kd7 54. b8=Q Kc6 55. Qe8+ Kb6 56. Qe6+ Kc7 57. Qf7+ Kc6 58.
Qxg7 Kd5 59. Qxh7 Kd4 60. Qf7 Ke5 61. Qf4+ Kd5 62. g4 Ke6 63. Qc4+ Ke5 64.
Qxc5+ Kf4 65. Qd4+ Kf3 66. g5 Kg3 67. Qg1+ Kxh4 68. Qf2+ Kh5 69. Qf3+ Kh4 70.
c4 Kxg5 71. c5 Kh4 72. c6 g5 73. c7 g4 74. Qh1+ Kg5 75. c8=Q Kf4 76. Qxg4+ Kxg4
77. Qe4+ Kg5 78. Qf3 Kh4 79. Qg2 Kh5 80. Kc2 Kh4 81. Kd3 Kh5 82. Ke4 Kh6 83.
Ke5 Kh7 84. Kf6 Kh8 85. Qg7# 1-0

[Event "Junior Online 4NCL Division 3"]
[Site "online"]
[Date "2020.05.21"]
[Round "6.17"]
[White "Eccleston, Bryony"]
[Black "Sajid, Aryan"]
[Result "1-0"]
[WhiteElo "1390"]
[BlackElo "1405"]
[PlyCount "53"]
[EventDate "2020.05.21"]
[WhiteTeam "Manchester Juniors A"]
[BlackTeam "Cheshire8Z"]

1. d4 d5 2. Bf4 Nc6 3. e3 Nf6 4. c4 e6 5. Nc3 Bb4 6. Qb3 O-O 7. Nf3 b6 8. Be2
Bb7 9. O-O Bxc3 10. bxc3 Qd7 11. cxd5 exd5 12. c4 Rab8 13. Rfc1 Rfd8 14. Ne5
Nxe5 15. Bxe5 Ne4 16. Rc2 f6 17. Bg3 a5 18. Rac1 Bc6 19. cxd5 Ba4 20. Rxc7 Nxg3
21. d6+ Kh8 22. Qc4 Nxe2+ 23. Qxe2 Qxd6 24. Qg4 Bd7 25. Qe4 Rdc8 26. Rxc8+ Rxc8
27. Rxc8+ 1-0

[Event "Junior Online 4NCL Division 3"]
[Site "online"]
[Date "2020.05.21"]
[Round "6.18"]
[White "Goldsmith, Max"]
[Black "Fairclough, William"]
[Result "0-1"]
[WhiteElo "1405"]
[BlackElo "1315"]
[PlyCount "142"]
[EventDate "2020.05.21"]
[WhiteTeam "Cheshire8Z"]
[BlackTeam "Manchester Juniors A"]

1. e4 e5 2. Nf3 Nc6 3. Bc4 Nf6 4. Nc3 Bb4 5. d3 Bxc3+ 6. bxc3 O-O 7. O-O d5 8.
exd5 Nxd5 9. Bg5 f6 10. Bxd5+ Qxd5 11. Be3 Re8 12. c4 Qd8 13. h3 Bf5 14. Re1 e4
15. dxe4 Bxe4 16. Qxd8 Raxd8 17. Rad1 Rxd1 18. Rxd1 Bxc2 19. Rd7 Re7 20. Rxe7
Nxe7 21. Bxa7 Bb1 22. Bb8 Bxa2 23. Bxc7 Bxc4 24. Bd6 Nc6 25. Nd2 Bd5 26. Nf3
Bxf3 27. gxf3 Nd4 28. Kg2 Nf5 29. Ba3 Nh4+ 30. Kg3 Nf5+ 31. Kf4 Nd4 32. Ke4 Nc2
33. Bd6 Ne1 34. Bb4 Ng2 35. Kd5 Nh4 36. Ke4 f5+ 37. Kf4 Kf7 38. Kg5 Nxf3+ 39.
Kxf5 Nd4+ 40. Ke4 Ne2 41. Kd5 Ng1 42. h4 Nh3 43. f4 Nxf4+ 44. Kd6 Ne6 45. Be1
b5 46. Kc6 Nd4+ 47. Kc5 Nf3 48. Bg3 Kg6 49. Kxb5 Kh5 50. Kc5 Nxh4 51. Kd5 Nf5
52. Ke6 Nxg3 53. Kf7 g5 54. Kf6 g4 55. Ke5 Kh4 56. Kf4 Kh3 57. Kg5 Nf5 58. Kf4
g3 59. Kxf5 g2 60. Kf6 g1=Q 61. Kf7 Qe3 62. Kg8 h5 63. Kh8 Kg4 64. Kg7 h4 65.
Kg6 h3 66. Kf6 h2 67. Kg6 h1=Q 68. Kf6 Qd5 69. Kg6 Qee6+ 70. Kg7 Qdd7+ 71. Kh8
Qee8# 0-1